| 000 | 00541nam a22001817a 4500 | ||
|---|---|---|---|
| 999 |
_c4592 _d4592 |
||
| 003 | GBCCL | ||
| 005 | 20241126110522.0 | ||
| 008 | 180125b xxu||||| |||| 00| 0 eng d | ||
| 040 | _cgbc | ||
| 082 |
_a616.9792 _bTUA |
||
| 100 |
_aTual Khan Kham _98472 |
||
| 245 |
_aEducation for HIV/AIDS: _b(Teaching Guide for GBC Students) / _cTual Khan Kham |
||
| 260 |
_aNew Lamka: _bGrace Bible College, _c2005 |
||
| 300 |
_a159 p.; _c22 cm. |
||
| 650 |
_aAIDS _vDisease _99581 |
||
| 650 |
_aHIV _vInfections _xStudy and Teaching _99582 |
||
| 942 |
_2ddc _cBK _09 |
||